西汉幽州郡县 - Statistics

General Stats
  • This quiz has been taken 11 times
  • The average score is 12 of 186
Answer Stats
% Correct
幽州 辽东
88%
幽州 玄菟
88%
幽州 乐浪
88%
幽州 右北平
75%
涿郡 涿
63%
幽州 辽西
63%
代郡
50%
幽州 | 渔阳 渔阳
50%
幽州 上谷
50%
乐浪 朝鲜
38%
涿郡 范阳
25%
涿郡
25%
勃海 南皮
25%
勃海 安次
25%
上谷 涿鹿
25%
渔阳
25%
辽东 襄平
25%
玄菟 高句骊
25%
幽州 勃海
25%
涿郡
13%
涿郡 良乡
13%
勃海
13%
勃海 文安
13%
代郡 且如
13%
上谷 昌平
13%
上谷 下落
13%
渔阳 狐奴
13%
渔阳 泉州
13%
渔阳 平谷
13%
渔阳 安乐
13%
右北平 无终
13%
右北平 白狼
13%
辽西 柳城
13%
辽西 令支
13%
辽东
13%
辽东 候城
13%
辽东 平郭
13%
辽东
13%
辽东 沓氏
13%
乐浪 带方
13%
幽州 涿郡
13%
幽州 代郡
13%
涿郡
0%
涿郡 穀丘
0%
涿郡 故安
0%
涿郡 南深泽
0%
涿郡 蠡吾
0%
涿郡 容城
0%
涿郡 广望
0%
涿郡 高阳
0%
涿郡 州乡
0%
涿郡 安平
0%
涿郡 樊舆
0%
涿郡
0%
涿郡 利乡
0%
涿郡 临乡
0%
涿郡 益昌
0%
涿郡 阳乡
0%
涿郡 西乡
0%
涿郡 饶阳
0%
涿郡 中水
0%
涿郡 武垣
0%
涿郡 阿陵
0%
涿郡 阿武
0%
涿郡 高郭
0%
涿郡 | 辽东 新昌
0%
勃海 浮阳
0%
勃海 阳信
0%
勃海 东光
0%
勃海 阜城
0%
勃海 千童
0%
勃海 重合
0%
勃海
0%
勃海 章武
0%
勃海 中邑
0%
勃海 高成
0%
勃海 高乐
0%
勃海 参户
0%
勃海 成平
0%
勃海 临乐
0%
勃海 东平舒
0%
勃海 重平
0%
勃海 脩市
0%
勃海 景成
0%
勃海 束州
0%
勃海 建成
0%
勃海 章乡
0%
勃海 蒲领
0%
代郡 桑乾
0%
代郡 道人
0%
代郡 当城
0%
代郡 高柳
0%
代郡 马城
0%
代郡 班氏
0%
代郡 | 右北平 延陵
0%
代郡 狋氏
0%
代郡 平邑
0%
代郡 阳原
0%
代郡 东安阳
0%
代郡 参合
0%
代郡 平舒
0%
代郡 灵丘
0%
代郡 广昌
0%
代郡 卤城
0%
上谷 沮阳
0%
上谷 泉上
0%
上谷
0%
上谷 军都
0%
上谷 居庸
0%
上谷 雊瞀
0%
上谷 夷舆
0%
上谷
0%
上谷 广宁
0%
上谷 且居
0%
上谷
0%
上谷 女祁
0%
渔阳 雍奴
0%
渔阳 厗奚
0%
渔阳 犷平
0%
渔阳 要阳
0%
渔阳 白檀
0%
渔阳 滑盐
0%
右北平 平刚
0%
右北平 石成
0%
右北平 俊靡
0%
右北平
0%
右北平 徐无
0%
右北平
0%
右北平 土根
0%
右北平 夕阳
0%
右北平 昌城
0%
右北平 骊成
0%
右北平 广成
0%
右北平 聚阳
0%
右北平 平明
0%
辽西 且虑
0%
辽西 海阳
0%
辽西 新安平
0%
辽西 肥如
0%
辽西 宾从
0%
辽西 交黎
0%
辽西 阳乐
0%
辽西 狐苏
0%
辽西 徒河
0%
辽西 文成
0%
辽西 临渝
0%
辽西
0%
辽东 无虑
0%
辽东 望平
0%
辽东 辽队
0%
辽东 辽阳
0%
辽东 险渎
0%
辽东 居就
0%
辽东 高显
0%
辽东 安市
0%
辽东 武次
0%
辽东 西安平
0%
辽东 番汗
0%
玄菟 上殷台
0%
玄菟 西盖马
0%
乐浪 讑邯
0%
乐浪 浿水
0%
乐浪 含资
0%
乐浪 黏蝉
0%
乐浪 遂成
0%
乐浪 增地
0%
乐浪 驷望
0%
乐浪 海冥
0%
乐浪 列口
0%
乐浪 长岑
0%
乐浪 屯有
0%
乐浪 昭明
0%
乐浪 镂方
0%
乐浪 提奚
0%
乐浪 浑弥
0%
乐浪 吞列
0%
乐浪 东暆
0%
乐浪 不而
0%
乐浪 蚕台
0%
乐浪 华丽
0%
乐浪 邪头昧
0%
乐浪 前莫
0%
乐浪 夫租
0%
No matching quizzes found
Score Distribution
Percent of People with Each Score
Percentile by Number Answered
Your Score History
You have not taken this quiz